000 00471nam a2200181Ia 4500
001 9354
005 20260306161712.0
008 260306t2016||||xx |||||||||||||| ||spa||
041 _aESP
082 _a378.125
_bC62 V. 10
100 _aCifuentes Gil, Rosa María
_eAUT
245 0 _aDidácticas en la universidad:
_bperspectivas desde la docencia
260 _c2016
300 _a346 páginas :
_c23 cm.
650 _aGEN
654 _aCED
942 _cLIB
_dJUS
_fJUS
_2ddc
_n
999 _c9354
_d9354